|
|
|
|
| LEADER |
00724nab a2200217 i 4500 |
| 001 |
acta9234 |
| 005 |
20250520114435.0 |
| 008 |
161015s1995 hu o 000 hun d |
| 022 |
|
|
|a 0865-5553
|
| 040 |
|
|
|a SZTE Egyetemi Kiadványok Repozitórium
|b hun
|
| 041 |
|
|
|a hun
|
| 100 |
1 |
|
|a Tandori Dezső
|
| 245 |
1 |
3 |
|a Az Ír Mari Néni
|h [elektronikus dokumentum] :
|b Hyde-környéke napló /
|c Tandori Dezső
|
| 260 |
|
|
|a Pompeji Alapítvány
|b Szeged
|c 1995
|
| 300 |
|
|
|a 40-50
|
| 490 |
0 |
|
|a Pompeji
|
| 650 |
|
4 |
|a Bölcsészettudományok
|
| 650 |
|
4 |
|a Nyelvek és irodalom
|
| 695 |
|
|
|a Magyar irodalom - próza
|
| 700 |
0 |
1 |
|a Darázs József
|
| 856 |
4 |
0 |
|u http://acta.bibl.u-szeged.hu/9234/1/pompeji_1995_002_040-050.pdf
|z Dokumentum-elérés
|